000 00661nam a22001697a 4500
003 0
005 20260122131339.0
020 _a9789347218729
082 _aH 344.01 GAR
100 _aGarg, Sandeep
_92859
245 _aShram Aur Audhogik Vidhiyan / Labour & Industrial Laws
260 _aNew Delhi
_bCommercial Law Publishers
_c2026
300 _a185 p.
520 _aLabour & Industrial Laws Industrial Disputes Act, 1947 Trade Unions Act, 1926 Employee's Compensation Act, 1923 Minimum Wages Act, 1948 Factories Act, 1948
650 _aIndustrial Disputes Act, 1947
_aTrade Unions Act, 1926
_aMinimum Wages Act, 1948
_917230
942 _cB
999 _c360366
_d360366